000 00786nam a22002417a 4500
003 OSt
005 20260424022303.0
008 260424b |||||||| |||| 00| 0 eng d
020 _a978-821-789-4
040 _aDWCL Main Lib.
_cOC
082 _a303.483 S416 2018
100 _aGeron, Tegon Antonette G.
245 _aScience, technology and society
_cTegon Antonette G. Geron
260 _aMalabon City, Philippines :
_bMutya Publishing house inc.,
_cc2018.
300 _a126 pages :
_billustrations ;
_c26cm.
504 _aIncludes bibliographical references
650 _aScience-- Social Aspects
700 _aGrace R. Guaves
700 _aErma De Mesa Maalihan
700 _aNerrie E. Malaluan
700 _aJose Aims R. Rocina
942 _2ddc
_cBK - FIL
_hFil.
_n0
999 _c9826
_d9826